000 00453nam a2200157Ia 4500
008 230718s9999 xx 000 0 und d
020 _a9788120345843
041 _aeng
082 _a428.0071
_bGAN
100 _aGangal J.K.
_9193947
245 _aPractical Course In Effective English Speaking Skills
260 _bPHI Learning
365 _cRs.
_b275.00
700 _aGangal J.K.
_9193947
906 _dO:0309318-Oct-2012B:147622-Sep-2012
_cCOMP
_b60.5
999 _c331495
_d331495